| 000 | 01021nam a2200205 a 4500 | ||
|---|---|---|---|
| 001 | 001123109 | ||
| 003 | AM-YeHGA | ||
| 005 | 20250617151935.0 | ||
| 008 | 160111s1972 ru 000 0 rus d | ||
| 040 | _aAM-YeHGA | ||
| 041 | 0 | _arus | |
| 245 | 0 | 0 |
_aПроблемы форсирования и надежности тракторных двигателей : _bМатериалы научно-технической конференции / _cПод общ. ред. М.С. Столбова, В.П. Дмитриева; Владим. обл. совет НТО. |
| 260 |
_aВладимир : _bБ. и., _c1972. |
||
| 300 |
_a132 с. : _bил. |
||
| 650 | 1 | 4 | _aТракторные двигатели - Рабочий процесс - Сборники |
| 700 | 1 |
_aСтолбов, Михаил Сергеевич _eред. _4edt |
|
| 700 | 1 |
_aДмитриев, В.П. _eред. _4edt |
|
| 710 | 2 | _aВладимирский областной совет научно-технических обществ | |
| 090 | _c362728 | ||
| 999 |
_c360887 _d360887 |
||